The new international Webster's pocket spelling dictionary of the English language. (Record no. 3746)
[ view plain ]
| 000 -LEADER | |
|---|---|
| fixed length control field | 01120cam a2200337 a 4500 |
| 001 - CONTROL NUMBER | |
| control field | 12752558 |
| 003 - CONTROL NUMBER IDENTIFIER | |
| control field | OSt |
| 005 - DATE AND TIME OF LATEST TRANSACTION | |
| control field | 20140310181804.0 |
| 008 - FIXED-LENGTH DATA ELEMENTS--GENERAL INFORMATION | |
| fixed length control field | 020424s2000 xxu 000 0 eng |
| 010 ## - LIBRARY OF CONGRESS CONTROL NUMBER | |
| LC control number | 2002281492 |
| 020 ## - INTERNATIONAL STANDARD BOOK NUMBER | |
| International Standard Book Number | 1888777516 |
| 040 ## - CATALOGING SOURCE | |
| Original cataloging agency | DLC |
| Transcribing agency | DLC |
| Modifying agency | DLC |
| 050 00 - LIBRARY OF CONGRESS CALL NUMBER | |
| Classification number | PE 1146 |
| Item number | .N532 2000 |
| 082 00 - DEWEY DECIMAL CLASSIFICATION NUMBER | |
| Classification number | REF 428.1 |
| Item number | N46 2000 |
| 245 04 - TITLE STATEMENT | |
| Title | The new international Webster's pocket spelling dictionary of the English language. |
| 246 30 - VARYING FORM OF TITLE | |
| Title proper/short title | Webster's pocket spelling dictionary of the English language |
| 246 30 - VARYING FORM OF TITLE | |
| Title proper/short title | Spelling dictionary of the English language |
| 246 18 - VARYING FORM OF TITLE | |
| Title proper/short title | Spelling |
| 250 ## - EDITION STATEMENT | |
| Edition statement | New rev. ed., 2000 ed. |
| 260 ## - PUBLICATION, DISTRIBUTION, ETC. (IMPRINT) | |
| Place of publication, distribution, etc | [United States] : |
| Name of publisher, distributor, etc | Trident Press International, |
| Date of publication, distribution, etc | 2000 |
| Date of manufacture | (2001 printing) |
| 300 ## - PHYSICAL DESCRIPTION | |
| Extent | 318 p. ; |
| Dimensions | 17 cm. |
| 521 ## - TARGET AUDIENCE NOTE | |
| Target audience note | |
| 541 ## - IMMEDIATE SOURCE OF ACQUISITION NOTE | |
| -- | 1 |
| 562 ## - COPY AND VERSION IDENTIFICATION NOTE | |
| Number of copies | 1 |
| 650 #0 - SUBJECT ADDED ENTRY--TOPICAL TERM | |
| Topical term or geographic name as entry element | English language |
| General subdivision | Orthography and spelling |
| Form subdivision | Dictionaries. |
| 650 #0 - SUBJECT ADDED ENTRY--TOPICAL TERM | |
| Topical term or geographic name as entry element | Spellers. |
| 710 2# - ADDED ENTRY--CORPORATE NAME | |
| Corporate name or jurisdiction name as entry element | Trident Press International. |
| 906 ## - LOCAL DATA ELEMENT F, LDF (RLIN) | |
| a | 7 |
| b | cbc |
| c | origcop |
| d | 2 |
| e | ncip |
| f | 20 |
| g | y-gencatlg |
| 942 ## - ADDED ENTRY ELEMENTS (KOHA) | |
| Source of classification or shelving scheme | Library of Congress Classification |
| Koha item type | |
| Call number prefix | |
| Withdrawn status | Lost status | Source of classification or shelving scheme | Damaged status | Home library | Current library | Shelving location | Date acquired | Total Checkouts | Full call number | Barcode | Date last seen | Copy number | Price effective from | Koha item type |
|---|---|---|---|---|---|---|---|---|---|---|---|---|---|---|
| Library of Congress Classification | Luxembourg Library | Luxembourg Library | Reference Section | 07/04/2013 | PE 1146 .N532 2000 | 5960 | 02/17/2017 | 1 | 07/04/2013 | Books |